000 02364nam a2200409 i 4500
001 in503271588
003 Ingram
005 20240702151831.0
008 240104s2024 nyu d 000 1 eng d
020 _a9780593915424
_q(paperback ;
_qlarge print)
035 _a(OCoLC)1432744951
040 _aTnLvILS
_beng
_erda
_cTnLvILS
_dTnLvILS
043 _ae-ie---
_ae-uk---
092 _aLarge Print Fiction
_bBerry
100 1 _aBerry, Flynn,
_d1986-
_eauthor.
_96489931
245 1 0 _aTrust her /
_cFlynn Berry.
250 _aFirst large print edition.
264 1 _a[New York] :
_bRandom House Large Print,
_c[2024]
264 4 _c©2024.
300 _a384 pages (large print) ;
_c23 cm.
336 _atext
337 _aunmediated
338 _avolume
500 _aSequel to: Northern spy.
520 _a"Three years after they narrowly escaped the IRA's worst punishment for informing, Northern Irish sisters Tessa and Marian Daly have built a new life in Dublin with their young children. Though Tessa is haunted by the abrupt and violent end to her old life, she does her best to immerse herself in the joys of Finn's childhood and the rhythms of her new job at the Irish Times. It's a small island, though, and just as quickly as they disappeared, figures from the sisters' past surface to reentrench them in the conflict. Tessa is told she must track down her old handler from MI5, Eamonn, and attempt to turn him into an IRA informant, or lose everything. Tessa's reunion with Eamonn revives a host of feelings she has long attempted to bury. As their relationship intensifies and pressure from the local authorities and the IRA mounts, long-held secrets bubble to the surface, and Tessa must navigate a treacherous landscape of shifting loyalties, all while trying to protect the child she holds most dear"--
610 2 0 _aIrish Republican Army
_vFiction.
_95722588
610 1 0 _aGreat Britain.
_bMI5
_vFiction.
_96479797
650 0 _aSisters
_vFiction.
_95674091
650 0 _aMother and child
_vFiction.
_95691634
650 0 _aInformers
_vFiction.
_96401726
650 0 _aMan-woman relationships
_vFiction.
_95674079
650 0 _aLarge type books.
651 0 _aDublin (Ireland)
_vFiction.
_95673788
655 7 _aThrillers (Fiction)
_2lcgft.
907 _a.b492200737
942 _2ddc
_cBOOK
999 _c398129
_d398129